000 01943nam a2200349 i 4500
001 768714001
003 CO-MdFUSB
005 20210918063849.0
007 ta
008 200703t1955 sp |||| |||| 00| 0 spa d
020 _a8448103203
040 _aCO-MdFUSB
_bspa
_cCO-MdFUSB
_dCO-MdFUSBC
_erda
041 _aspa
082 _223
_a174
_bOR77
100 _aOrtíz Ibarz, José María
_eautor
245 3 _aLa hora de la ética empresarial
_c/ José María Ortiz Ibarz ; prólogo por Emilio Ybarra Churruca
264 1 _aMadrid, España :
_bMcGraw Hill,
_c[1995]
264 4 _c©1995
300 _c172 páginas ;
_a24 cm
336 _2rdacontent
_atexto
_btxt
337 _2rdamedia
_asin mediación
_bn
338 _2rdacarrier
_avolumen
_bnc
505 _a¿Supones la ética un limite a las oportunidades de negocio? -- Un mundo de intangibles -- La economía financiera también es real -- Máximo beneficio, máxima racionalidad. Lo privado y lo público -- Es defensa de la naturaleza (también la humana) -- Para que arraiguen las buenas costumbres
520 _aEn nuestros días, más que nunca, las grandes compañías gozan de la posibilidad de regenerar el tejido social. Y el argumento ético está claro: si pueden hacerlo deben hacerlo. Defender que la función social de las empresas estriba en la posibilidad de devolver voluntariamente a la sociedad una parte de sus beneficios supondría haber confundido la justicia con la beneficencia. Implicaría abandonar en unas ideologías estatalistas en decadencia la lucha contra las desigualdades sociales. Seria tanto como dar por perdida la batalla antes de empezar. Por perdida para la sociedad, y por perdida para el mismo mercado.
563 _aRústico
650 7 _aÉtica social.
_2
_9186
653 _aÉtica -- Economía
653 _aÉtica empresarial.
700 _95192
_aYbarra Churruca, Emilio de ‎
_eprologuista
942 _cBK
945 _aDani
999 _c66408
_d66408